Pays sans déterminant - Statistiques

Statistiques générales
  • Ce quiz a été pris 710 fois
    656 depuis la dernière actualisation
  • Le résultat moyen est 13 sur 21
Statistiques - réponses
Asie % Correct
Monaco
77%
Cuba
76%
Saint-Marin
74%
Sainte-Lucie
72%
Chypre
71%
Saint-Vincent-et-les-Grenadines
71%
Haïti
69%
Malte
69%
Saint-Christophe-et-Niévès
69%
Madagascar
66%
Israël
64%
Singapour
63%
Antigua-et-Barbuda
62%
Taïwan
62%
Sao Tomé-et-Principe
61%
Nauru
60%
Djibouti
57%
Trinité-et-Tobago
57%
Oman
53%
Bahreïn
48%
Maurice
48%
Aucun quiz correspondant
Distribution des résultats
% des personnes avec chaque résultat
Percentile par nombre de réponses
Votre historique - résultats
Vous n’avez pas pris ce quiz depuis la dernière actualisation